000 01437nam a2200313 a 4500
005 19970625072830.5
008 970401s1997 caua 001 0 eng
010 _aB-317048
020 _a0753704951
_c₤ 5.99 474.40
020 _a9780753704950
_c₤ 5.99 474.40
035 _aB-317048
035 _aB-368653
037 _bUBH77
037 _bPansy Books
040 _adpl
_bEnglish
082 _a635.9772
100 _aLewis, Colin
245 _aBonsai :
_ba care manual /
_cby Colin Lewis.
260 _aLondon
_bChancellor Press
_c2003(repr.).
270 _a2-4 Heron Quays
_bLondon
_eE14 4JP
300 _a128 p. :
_bcol. photos
_c29 cm. (Hb)
500 _aIncludes index
650 _aBonsai.
942 _2ddc
_cEN
_h635.9772
_mLEW
999 _c16002
_d16002